Proposals for amending Part L of the Building Regulations and implementing the energy performance of buildings directive (Record no. 104298)
[ view plain ]
| 000 -LEADER | |
|---|---|
| fixed length control field | 01212cam a2200217 4500 |
| 001 - CONTROL NUMBER | |
| control field | L129856 |
| 008 - FIXED-LENGTH DATA ELEMENTS--GENERAL INFORMATION | |
| fixed length control field | 050531n2004 000 0 eng u |
| 035 ## - SYSTEM CONTROL NUMBER | |
| System control number | (Sirsi) u129856 |
| 041 ## - LANGUAGE CODE | |
| Language code of text/sound track or separate title | eng |
| 050 ## - LIBRARY OF CONGRESS CALL NUMBER | |
| Classification number | 692.2 |
| -- | 18 |
| 110 ## - MAIN ENTRY--CORPORATE NAME | |
| Corporate name or jurisdiction name as entry element | Office of the Deputy Prime Minister |
| 9 (RLIN) | 4685 |
| 245 ## - TITLE STATEMENT | |
| Title | Proposals for amending Part L of the Building Regulations and implementing the energy performance of buildings directive |
| Remainder of title | a consultation document |
| 260 ## - PUBLICATION, DISTRIBUTION, ETC. | |
| Place of publication, distribution, etc. | London |
| Name of publisher, distributor, etc. | ODPM |
| Date of publication, distribution, etc. | 2004 |
| 520 ## - SUMMARY, ETC. | |
| Summary, etc. | Consultation paper inviting comment on government's proposals for amending the energy requirements in the Building Regulations and the accompanying Approved Documents L1 and L2, and the proposals for implementing the energy performance of buildings directive (Directive 2002/91/EC). Consultation closes 22 October 2004. |
| 650 ## - SUBJECT ADDED ENTRY--TOPICAL TERM | |
| Topical term or geographic name entry element | BUILDING REGULATIONS 2000 APPROVED DOCUMENT L1 (2002 EDITION) |
| 650 ## - SUBJECT ADDED ENTRY--TOPICAL TERM | |
| Topical term or geographic name entry element | BUILDING REGULATIONS 2000 APPROVED DOCUMENT L2 (2002 EDITION) |
| 650 ## - SUBJECT ADDED ENTRY--TOPICAL TERM | |
| Topical term or geographic name entry element | DIRECTIVE 2002/91/EC |
| 690 ## - LOCAL SUBJECT ADDED ENTRY--TOPICAL TERM (OCLC, RLIN) | |
| Topical term or geographic name as entry element | Building regulations |
| 9 (RLIN) | 6224 |
| 856 ## - ELECTRONIC LOCATION AND ACCESS | |
| Uniform Resource Identifier | <a href="https://www.odpm.gov.uk/stellent/groups/odpm_buildreg/documents/page/odpm_breg_029821.hcsp">https://www.odpm.gov.uk/stellent/groups/odpm_buildreg/documents/page/odpm_breg_029821.hcsp</a> |
| Public note | View the item free of charge at www.odpm.gov.uk... |
| 942 ## - ADDED ENTRY ELEMENTS (KOHA) | |
| Suppress in OPAC | 0 |
| Withdrawn status | Lost status | Source of classification or shelving scheme | Damaged status | Not for loan | Home library | Current library | Shelving location | Date acquired | Total Checkouts | Full call number | Barcode | Date last seen | Copy number | Price effective from | Koha item type |
|---|---|---|---|---|---|---|---|---|---|---|---|---|---|---|---|
| Dewey Decimal Classification | Virtual | Virtual | Online | 31/05/2005 | ONLINE PUBLICATION | 129856-2001 | 06/08/2019 | 1 | 06/08/2019 | Book |